A policy on design standards (Record no. 528302)

000 -LEADER
fixed length control field 00978cam a2200265 a 4500
001 - CONTROL NUMBER
control field 2464559
003 - CONTROL NUMBER IDENTIFIER
control field NUST
005 - DATE AND TIME OF LATEST TRANSACTION
control field 20190905111136.0
008 - FIXED-LENGTH DATA ELEMENTS--GENERAL INFORMATION
fixed length control field 900301s1989 dcu 000 0 eng
010 ## - LIBRARY OF CONGRESS CONTROL NUMBER
LC control number 89621991
038 ## - RECORD CONTENT LICENSOR
Staff Name MSOHAIL
040 ## - CATALOGING SOURCE
Original cataloging agency DLC
Transcribing agency DLC
Modifying agency DLC
043 ## - GEOGRAPHIC AREA CODE
Geographic area code n-us---
050 00 - LIBRARY OF CONGRESS CALL NUMBER
Classification number TE23
Item number .A66 1989
082 00 - DEWEY DECIMAL CLASSIFICATION NUMBER
Classification number 625.7
Edition number 20
Author Mark AAS
110 2# - MAIN ENTRY--CORPORATE NAME
Corporate name or jurisdiction name as entry element American Association of State Highway and Transportation Officials.
Subordinate unit Highway Subcommittee on Design.
9 (RLIN) 20012
245 12 - TITLE STATEMENT
Title A policy on design standards
Statement of responsibility, etc. prepared by the AASHTO Highway Subcommittee on Design.
260 ## - PUBLICATION, DISTRIBUTION, ETC.
Place of publication, distribution, etc. Washington, D.C. (444 N. Capitol St., N.W., Suite 225) :
Name of publisher, distributor, etc. AASHTO,
Date of publication, distribution, etc. c1971.
300 ## - PHYSICAL DESCRIPTION
Extent iv, 15 p. ;
Dimensions 23 cm.
500 ## - GENERAL NOTE
General note "December 1988."
650 #0 - SUBJECT ADDED ENTRY--TOPICAL TERM
Topical term or geographic name entry element Interstate Highway System
General subdivision Design and construction
-- Standards.
9 (RLIN) 20013
650 #0 - SUBJECT ADDED ENTRY--TOPICAL TERM
Topical term or geographic name entry element Roads
General subdivision Design and construction
-- Standards
Geographic subdivision United States.
9 (RLIN) 20014
906 ## - LOCAL DATA ELEMENT F, LDF (RLIN)
a 7
b cbc
c orignew
d 3
e ncip
f 19
g y-gencatlg
942 ## - ADDED ENTRY ELEMENTS (KOHA)
Source of classification or shelving scheme
Koha item type Book
Holdings
Withdrawn status Lost status Source of classification or shelving scheme Damaged status Not for loan Permanent Location Current Location Date acquired Total Checkouts Full call number Barcode Date last seen Price effective from Koha item type
          School of Civil and Environmental Engineering (SCEE) School of Civil and Environmental Engineering (SCEE) 09/05/2019   625.7 AAS NIT-10357 09/05/2019 09/05/2019 Book
© 2023 Central Library, National University of Sciences and Technology. All Rights Reserved.